| 000 | 00623nam a2200241 a 4500 | ||
|---|---|---|---|
| 005 | 20210219152924.0 | ||
| 008 | 991125n 000 0 eng u | ||
| 035 | _aUPN01000067231 | ||
| 100 | _aHartman, Elisa | ||
| 222 | _aPHI DELTA KAPPAN | ||
| 245 | _aA change of course | ||
| 300 | _a405-406 | ||
| 362 | _a1993 74, No. 5 | ||
| 505 | _aJunio 1993 | ||
| 653 | 0 | _aAPRENDIZAJE ESCOLAR | |
| 653 | 0 | _aCOMPROMISOS COMUNITARIOS | |
| 653 | 0 | _aDEFINICIONES | |
| 653 | 0 | _aMOTIVACION DEL ESTUDIANTE | |
| 653 | 0 | _aPROGRAMAS INTERNOS | |
| 653 | 0 | _aPROGRAMAS TERAPEUTICOS | |
| 904 |
_aAC _b005042 |
||
| 905 | _aArticulo | ||
| 999 |
_c63865 _d63865 |
||